Social network più utilizzati - Statistics

Statistiche generali
  • Questo quiz è stato fatto 151 volte
  • Il punteggio medio è 7 su 15
Statistiche sulle risposte
Migliaia di
utenti/mese
Social network % Corretto
2000 Instagram
99%
2960 Facebook
94%
1050 TikTok
90%
556 Twitter
86%
2000 Whatsapp
84%
635 Snapchat
77%
2510 YouTube
68%
700 Telegram
61%
445 Pinterest
32%
1310 WeChat
23%
931 Facebook Messenger
5%
715 Douyin
2%
574 QQ
2%
626 Kuaishou
0%
584 Sina Weibo
0%
Nessun quiz corrispondente trovato
Distribuzione punteggi
Percentuale di utenti per punteggio
Percentile per numero di risposta
I tuoi punteggi nel tempo
Non hai fatto questo quiz